000
00259nam a22001217a 4500
008
170615b xxu||||| |||| 00| 0 eng d
041
_a
eng
080
_a
94
100
_a
16
101
_a
SHH
245
_a
OUR LANDED HERITAGE
_c
ROBBINS,R.M
942
_2
udc
_c
BK
999
_c
17598
_d
17598